[Event "Regionalliga SO 0001"]
[Site "Bayern"]
[Date "2001.03.11"]
[Round "7"]
[White "Benischek, Wolfgang"]
[Black "Larcher, Hans"]
[Result "1/2-1/2"]
[WhiteElo "2040"]
[BlackElo "1980"]
[PlyCount "167"]
[EventDate "2000.10.15"]
[EventType "team-tourn"]
[EventRounds "9"]
[EventCountry "GER"]
[SourceTitle "EXT 2020"]
[Source "ChessBase"]
[SourceDate "2019.10.17"]
[SourceVersion "1"]
[SourceVersionDate "2019.10.17"]
[SourceQuality "1"]
[WhiteTeam "Freising SK"]
[BlackTeam "Pang/Rosenheim II"]
[WhiteTeamCountry "GER"]
[BlackTeamCountry "GER"]

1. e4 d5 2. exd5 Qxd5 3. Nc3 Qa5 4. d4 c6 5. Bd2 Bf5 6. Bc4 e6 7. g4 Bg6 8. Nf3 Nd7 9. Qe2 Qc7 10. h4 h6 11. d5 Ne7 12. dxe6 fxe6 13. 0-0-0 0-0-0 14. Nd4 Re8 15. Nxe6 Qe5 16. Qf3 Nd5 17. Bxd5 cxd5 18. Rhe1 Qf6 19. Qxd5 Nb6 20. Qe5 Qxe5 21. Rxe5 Bf7 22. Rde1 Bd6 23. R5e2 Nc4 24. Nb5 Bb8 25. Bc3 a6 26. Nbd4 Rhg8 27. b3 Nb6 28. Kb2 Nd5 29. Bd2 h5 30. g5 g6 31. c4 Nb6 32. Ba5 Nd7 33. f4 Bd6 34. f5 Bg3 35. fxg6 Bxg6 36. Rd1 Bxh4 37. c5 Bg3 38. Red2 Be5 39. Bc3 Bb8 40. b4 Nf8 41. Re2 Nxe6 42. Rxe6 Rxe6 43. Nxe6 Bf5 44. Ng7 Bg4 45. Rh1 Bf4 46. g6 Bh6 47. Nxh5 Rxg6 48. Nf6 Be6 49. Rh2 Bg7 50. Ne4 Bxc3+ 51. Kxc3 Kc7 52. Kd4 Bd7 53. Rh7 Kc6 54. Rf7 Rg1 55. a4 Rd1+ 56. Ke5 Rd5+ 57. Kf4 Rd4 58. Rf6+ Kc7 59. b5 axb5 60. axb5 Bxb5 61. Ke5 Rd1 62. Nc3 Re1+ 63. Kd4 Bc6 64. Rf7+ Kb8 65. Kc4 Rh1 66. Ne2 Rd1 67. Rf8+ Ka7 68. Nc3 Rh1 69. Ne2 Rd1 70. Kc3 Bb5 71. Nf4 Rh1 72. Kd4 Rd1+ 73. Ke5 Bc6 74. Ne6 Re1+ 75. Kd6 Rd1+ 76. Kc7 Rd7+ 77. Kc8 Rh7 78. Nd4 Ka6 79. Rf1 Rh8+ 80. Kc7 Rh7+ 81. Kb8 Rh8+ 82. Kc7 Rh7+ 83. Kc8 Rh8+ 84. Kc7 1/2-1/2

[Event "Regionalliga SO 9900"]
[Site "Bayern"]
[Date "2000.??.??"]
[Round "6.6"]
[White "Knechtel, Roland"]
[Black "Larcher, Hans"]
[Result "1-0"]
[WhiteElo "2140"]
[BlackElo "1980"]
[PlyCount "80"]
[EventDate "1999.??.??"]
[EventType "team-tourn"]
[EventRounds "9"]
[EventCountry "GER"]
[SourceTitle "EXT 2020"]
[Source "ChessBase"]
[SourceDate "2019.10.17"]
[SourceVersion "1"]
[SourceVersionDate "2019.10.17"]
[SourceQuality "1"]
[WhiteTeam "Waldkirchen TSV"]
[BlackTeam "Pang/Rosenheim II"]
[WhiteTeamCountry "GER"]
[BlackTeamCountry "GER"]

1. d4 d5 2. c4 c6 3. Nc3 e6 4. Nf3 Nd7 5. cxd5 exd5 6. Bg5 Be7 7. Bxe7 Qxe7 8. e3 Ngf6 9. Bd3 0-0 10. Qc2 Re8 11. 0-0 Nf8 12. Rab1 Ng6 13. b4 Bd7 14. b5 Rac8 15. bxc6 Bxc6 16. Qb3 Red8 17. Bf5 Rc7 18. Rfc1 Ne8 19. h3 Nh4 20. Nxh4 Qxh4 21. Bg4 Re7 22. Bf3 Nf6 23. Qa3 Rde8 24. Qxa7 g5 25. Qa5 g4 26. hxg4 Nxg4 27. Bxg4 Qxg4 28. Nxd5 Re6 29. Nf4 Bxg2 30. Qh5 Qxh5 31. Nxh5 Bf3 32. Rb5 Rg6+ 33. Kf1 Ra8 34. Rc2 Rga6 35. Rbc5 h6 36. Nf4 Rxa2 37. Kg1 Rxc2 38. Rxc2 h5 39. Kh2 h4 40. Kh3 Kg7 1-0

[Event "Regionalliga SO 9900"]
[Site "Bayern"]
[Date "2000.??.??"]
[Round "9.6"]
[White "Larcher, Hans"]
[Black "Dost, Andreas"]
[Result "1-0"]
[WhiteElo "1980"]
[BlackElo "1850"]
[PlyCount "75"]
[EventDate "1999.??.??"]
[EventType "team-tourn"]
[EventRounds "9"]
[EventCountry "GER"]
[SourceTitle "EXT 2020"]
[Source "ChessBase"]
[SourceDate "2019.10.17"]
[SourceVersion "1"]
[SourceVersionDate "2019.10.17"]
[SourceQuality "1"]
[WhiteTeam "Pang/Rosenheim II"]
[BlackTeam "Freising SK"]
[WhiteTeamCountry "GER"]
[BlackTeamCountry "GER"]

1. c4 e5 2. Nc3 Nc6 3. g3 g6 4. Bg2 Bg7 5. d3 d6 6. Bd2 Nf6 7. Qc1 h6 8. f4 Bd7 9. Nf3 Kf8 10. e4 Kg8 11. Nd5 Kh7 12. 0-0 Nxd5 13. cxd5 Nd4 14. Nxd4 exd4 15. f5 g5 16. Qd1 Bb5 17. f6 Bxf6 18. Qh5 Rf8 19. e5 dxe5 20. Be4+ Kg7 21. Rf2 Be7 22. h4 Be8 23. hxg5 Bxg5 24. Bb4 Rh8 25. Rf5 a5 26. Ba3 Ra6 27. Raf1 f6 28. Qf3 Qd7 29. d6 Rf8 30. dxc7 Rf7 31. Bxb7 Qxc7 32. Bxa6 Be3+ 33. Kh2 Qc2+ 34. Qg2 Qc7 35. Bc4 Bc6 36. Qe2 e4 37. Bxf7 exd3 38. Qh5 1-0

[Event "Regionalliga SO 9900"]
[Site "Bayern"]
[Date "2000.??.??"]
[Round "4.7"]
[White "Larcher, Hans"]
[Black "Siebert, Joachim"]
[Result "1/2-1/2"]
[WhiteElo "1980"]
[BlackElo "1970"]
[PlyCount "108"]
[EventDate "1999.??.??"]
[EventType "team-tourn"]
[EventRounds "9"]
[EventCountry "GER"]
[SourceTitle "EXT 2020"]
[Source "ChessBase"]
[SourceDate "2019.10.17"]
[SourceVersion "1"]
[SourceVersionDate "2019.10.17"]
[SourceQuality "1"]
[WhiteTeam "Pang/Rosenheim II"]
[BlackTeam "Landshut"]
[WhiteTeamCountry "GER"]
[BlackTeamCountry "GER"]

1. c4 Nf6 2. Nc3 e6 3. e4 d5 4. e5 d4 5. exf6 dxc3 6. bxc3 Qxf6 7. d4 c5 8. Nf3 Qd8 9. Bd3 Nc6 10. 0-0 Be7 11. Rb1 Bf6 12. Ba3 cxd4 13. Be4 dxc3 14. Qa4 Qc7 15. Rfd1 Bd7 16. Bd6 Qa5 17. Qc2 Ne5 18. Rxb7 Ba4 19. Nxe5 Bxe5 20. Qd3 c2 21. Re7+ Kf8 22. Rc1 Bxd6 23. Qxd6 Qd8 24. Rd7+ Ke8 25. Rxd8+ Rxd8 26. Qxd8+ Kxd8 27. Bxc2 Bxc2 28. Rxc2 Kc7 29. Kf1 Rb8 30. Ke2 Kc6 31. f4 Kc5 32. g3 Rd8 33. Ke3 Rd7 34. Rc3 f6 35. g4 g5 36. fxg5 fxg5 37. h3 Rd4 38. Ra3 Rxc4 39. Rxa7 Rc3+ 40. Ke4 Rxh3 41. Ra5+ Kd6 42. a4 h6 43. Ra6+ Ke7 44. a5 Ra3 45. Ke5 Re3+ 46. Kd4 Ra3 47. Ra8 Ra4+ 48. Ke5 Rxg4 49. Ra7+ Kd8 50. Kxe6 Kc8 51. Kd6 Kb8 52. Rh7 Ra4 53. Kc6 Rc4+ 54. Kb6 Rb4+ 1/2-1/2

[Event "Regionalliga SO 9899"]
[Site "Bayern"]
[Date "1998.??.??"]
[Round "2.7"]
[White "Larcher, Hans"]
[Black "Grimm, Markus"]
[Result "1/2-1/2"]
[WhiteElo "1990"]
[BlackElo "1910"]
[PlyCount "80"]
[EventDate "1998.??.??"]
[EventType "team-tourn"]
[EventRounds "9"]
[EventCountry "GER"]
[SourceTitle "EXT 2020"]
[Source "ChessBase"]
[SourceDate "2019.10.17"]
[SourceVersion "1"]
[SourceVersionDate "2019.10.17"]
[SourceQuality "1"]
[WhiteTeam "Pang/Rosenheim II"]
[BlackTeam "Straubing PSV"]
[WhiteTeamCountry "GER"]
[BlackTeamCountry "GER"]

1. c4 Nf6 2. Nc3 e6 3. e4 d6 4. d4 Be7 5. Nf3 0-0 6. Bd3 Nbd7 7. 0-0 e5 8. Bg5 c6 9. Qd2 exd4 10. Nxd4 Ne5 11. Be2 Nfg4 12. f4 Bxg5 13. fxg5 Ng6 14. Nf5 Qb6+ 15. Nd4 N4e5 16. Kh1 Bg4 17. Bxg4 Nxg4 18. Nf5 Rad8 19. Rad1 Rd7 20. Qe2 N4e5 21. Rxd6 Rxd6 22. Nxd6 Rd8 23. c5 Qb4 24. a3 Qb3 25. Rd1 Rd7 26. g3 b6 27. cxb6 axb6 28. Kg2 Nf8 29. h4 Ne6 30. Nf5 Rxd1 31. Nxd1 g6 32. Nh6+ Kf8 33. Ne3 Nd4 34. Qf2 Nd3 35. Qf6 Qxb2+ 36. Kh1 Nf2+ 37. Kg1 Nh3+ 38. Kh1 Nf2+ 39. Kg1 Nh3+ 40. Kh1 Nf2+ 1/2-1/2

[Event "Wattens op 11th"]
[Site "Wattens"]
[Date "1996.??.??"]
[Round "8"]
[White "Baumann, Kurt"]
[Black "Larcher, Hans"]
[Result "1/2-1/2"]
[WhiteElo "1750"]
[BlackElo "1950"]
[PlyCount "67"]
[EventDate "1996.??.??"]
[EventType "swiss"]
[EventRounds "9"]
[EventCountry "AUT"]
[SourceTitle "EXT 2000"]
[Source "ChessBase"]
[SourceDate "1999.11.16"]
[SourceVersion "1"]
[SourceVersionDate "1999.11.16"]
[SourceQuality "1"]

1. Nf3 d5 2. c4 d4 3. b4 Bg4 4. Qa4+ c6 5. Ne5 Bd7 6. Bb2 f6 7. Nxd7 Qxd7 8. d3 e5 9. Nd2 Ne7 10. g3 Na6 11. Bg2 Nc7 12. 0-0 Ng6 13. Qb3 Ne6 14. a4 f5 15. c5 Be7 16. Nc4 0-0 17. e3 Kh8 18. Rfe1 Nc7 19. exd4 exd4 20. Ne5 Nxe5 21. Rxe5 Bf6 22. Re2 Rae8 23. Rae1 Rxe2 24. Rxe2 f4 25. Re4 Nd5 26. Bxd4 f3 27. Bf1 g5 28. Bxf6+ Rxf6 29. Qb2 Kg7 30. Qe5 Kg6 31. h4 h6 32. hxg5 hxg5 33. Kh2 g4 34. b5 1/2-1/2

[Event "Wattens op 11th"]
[Site "Wattens"]
[Date "1996.??.??"]
[Round "4"]
[White "Enigl, Karl"]
[Black "Larcher, Hans"]
[Result "1-0"]
[WhiteElo "2195"]
[BlackElo "1950"]
[PlyCount "111"]
[EventDate "1996.??.??"]
[EventType "swiss"]
[EventRounds "9"]
[EventCountry "AUT"]
[SourceTitle "EXT 2000"]
[Source "ChessBase"]
[SourceDate "1999.11.16"]
[SourceVersion "1"]
[SourceVersionDate "1999.11.16"]
[SourceQuality "1"]

1. c4 e5 2. Nc3 Nc6 3. Nf3 Nf6 4. a3 a5 5. e3 d5 6. cxd5 Nxd5 7. Qc2 Nxc3 8. bxc3 Bd6 9. d4 Qe7 10. Be2 0-0 11. 0-0 Bd7 12. Bb2 b6 13. c4 e4 14. Nd2 Rae8 15. Rfc1 f5 16. c5 bxc5 17. dxc5 Be5 18. Bxe5 Qxe5 19. Qc3 Qxc3 20. Rxc3 Rb8 21. Bc4+ Kh8 22. Bd5 Ne7 23. Bc4 Bc6 24. Nb3 a4 25. Nd4 Rb2 26. g3 h6 27. Rac1 Rfb8 28. R3c2 Be8 29. Rxb2 Rxb2 30. Be6 g6 31. c6 Kg7 32. Rc4 Kf6 33. Bd7 Bf7 34. Rxa4 Ke5 35. Ra5+ Kf6 36. a4 Bc4 37. g4 fxg4 38. Bxg4 h5 39. Bd7 h4 40. Kg2 Nd5 41. Ra8 Nxe3+ 42. Kh3 Rxf2 43. Rf8+ Bf7 44. Be6 Ke5 45. Rxf7 Rxf7 46. Bxf7 Kxd4 47. Bxg6 Nc4 48. Kxh4 Na5 49. Kg3 Nxc6 50. h4 e3 51. h5 Ne5 52. Be8 c5 53. h6 e2 54. Kf2 Ng4+ 55. Kxe2 Nxh6 56. a5 1-0

[Event "Wattens op 11th"]
[Site "Wattens"]
[Date "1996.??.??"]
[Round "7"]
[White "Larcher, Hans"]
[Black "Gruber, Michael"]
[Result "1-0"]
[WhiteElo "1950"]
[BlackElo "1735"]
[PlyCount "41"]
[EventDate "1996.??.??"]
[EventType "swiss"]
[EventRounds "9"]
[EventCountry "AUT"]
[SourceTitle "EXT 2000"]
[Source "ChessBase"]
[SourceDate "1999.11.16"]
[SourceVersion "1"]
[SourceVersionDate "1999.11.16"]
[SourceQuality "1"]

1. c4 Nf6 2. Nc3 e6 3. e4 d5 4. e5 Nfd7 5. d4 dxc4 6. Bxc4 Nb6 7. Bb3 c5 8. Nf3 Nc6 9. Bg5 f6 10. exf6 gxf6 11. Be3 cxd4 12. Nxd4 Nxd4 13. Qh5+ Ke7 14. Rd1 Qe8 15. Qc5+ Kf7 16. Qxd4 Bd7 17. 0-0 Rd8 18. Qh4 Bg7 19. Qh5+ Kg8 20. Qxe8+ Rxe8 21. Bxb6 1-0